000 00581nam a2200205Ia 4500
003 GCL
008 140319s9999 xx 000 0 ara d
040 _aGCL /
_cGCL
082 0 4 _a956.91
_bح ق
100 1 _aحسن ظاظا
245 1 0 _aالقدس مدينة الله أم مدينة داود /
_cحسن ظاظا
260 _a[S.N] :
_bجامعة الاسكندرية ،
_c1970
300 _a45 ص
490 _a
650 0 4 _aالاماكن المقدسة
650 0 4 _aالقدس
650 0 4 _aاورشليم
650 0 4 _aالقدس - تاريخ
942 _2ddc
_cBK
999 _c36622
_d36622